Pédagogie : dictionnaire des concepts clés. Apprentissage, formation, psychologie cognitive (Record no. 278)

MARC details
000 -LEADER
fixed length control field 02469nam a2200313 4500
008 - FIXED-LENGTH DATA ELEMENTS--GENERAL INFORMATION
fixed length control field s2003 fr fre u
020 ## - INTERNATIONAL STANDARD BOOK NUMBER
International Standard Book Number 2710113090
020 ## - INTERNATIONAL STANDARD BOOK NUMBER
International Standard Book Number 9782710113096
040 ## - CATALOGING SOURCE
Original cataloging agency LB-BrCRDP
082 1# - DEWEY DECIMAL CLASSIFICATION NUMBER
Classification number 370.72
Item number RAY
100 1# - MAIN ENTRY--PERSONAL NAME
Personal name Raynal, Françoise
245 10 - TITLE STATEMENT
Title Pédagogie : dictionnaire des concepts clés. Apprentissage, formation, psychologie cognitive
Statement of responsibility, etc. Françoise Raynal, Alain Rieunier
250 ## - EDITION STATEMENT
Edition statement 4e éd.
260 ## - PUBLICATION, DISTRIBUTION, ETC.
Place of publication, distribution, etc. Paris
Name of publisher, distributor, etc. ESF
Date of publication, distribution, etc. 2003
300 ## - PHYSICAL DESCRIPTION
Extent 420 p.
Dimensions 25 cm
490 1# - SERIES STATEMENT
Series statement Pédagogies
500 ## - GENERAL NOTE
General note Bibliographie, index des noms.
520 ## - SUMMARY, ETC.
Summary, etc. En matière de pédagogie, chaque mois, chaque année apportent leur moisson de nouveaux concepts...et si l'on ne perçoit pas toujours ce qui, dans cet ensemble, peut être utile : on ne voit guère comment les concepts ont émergé, qu'est-ce qu'ils permettent de comprendre et en quoi ils sont opérationnels. C'est pourquoi il manquait un véritable outil de travail aux différents partenaires de l'institution scolaire - étudiants, chercheurs, enseignants, formateurs et responsables administratifs - qui souhaitent se familiariser avec les connaissances importantes en matière de pédagogie et de psychologie. Ce livre articule trois questions simples qu'est-ce qu'apprendre ? comment enseigner ou former ? et quelles sont les réponses actuellement disponibles sur le sujet ? C'est là un véritable tour du monde des connaissances qu'il nous invite. Voici donc une "interface conviviale", capable d'offrir des réponses aux questions légitimes que se pose le "novice" et de l'orienter. Voici un outil essentiel pour le chercheur qui veut informer et appuyer ses travaux sur des références solides.On fait, en effet, dans cet ouvrage, de passionnantes rencontres avec des personnages étonnants, auteurs célèbres ou théoriciens majeurs, qui tous, à des degrés divers, ont tenté de comprendre comment l'homme apprend et comment contribuer à sa formation. Rendre plus accessibles Leurs théories, comprendre l'importance de leurs travaux et leur impact sur l'approche éducative, est un autre pari Largement gagné par tes auteurs de ce dictionnaire.
650 4# - SUBJECT ADDED ENTRY--TOPICAL TERM
Topical term or geographic name entry element Pédagogie
650 4# - SUBJECT ADDED ENTRY--TOPICAL TERM
Topical term or geographic name entry element Formation
650 4# - SUBJECT ADDED ENTRY--TOPICAL TERM
Topical term or geographic name entry element Apprentissage
650 4# - SUBJECT ADDED ENTRY--TOPICAL TERM
Topical term or geographic name entry element Psychiatrie cognitive
650 4# - SUBJECT ADDED ENTRY--TOPICAL TERM
Topical term or geographic name entry element Psychologie
650 4# - SUBJECT ADDED ENTRY--TOPICAL TERM
Topical term or geographic name entry element Education
700 1# - ADDED ENTRY--PERSONAL NAME
Personal name Rieunier, Alain
830 #0 - SERIES ADDED ENTRY--UNIFORM TITLE
Uniform title Pédagogies
Name of part/section of a work Outils
942 ## - ADDED ENTRY ELEMENTS (KOHA)
Koha item type Books
Holdings
Withdrawn status Lost status Source of classification or shelving scheme Damaged status Not for loan Home library Current library Shelving location Date acquired Source of acquisition Cost, normal purchase price Total Checkouts Full call number Barcode Date last seen Copy number Price effective from Koha item type
    Dewey Decimal Classification     مكتبة دار المعلمين و المعلمات - النبطية مكتبة دار المعلمين و المعلمات - النبطية Salle de Lecture 05/15/2006 Ambassade de France 38.90   413 RAY. CRN1920 07/28/2016 1 07/28/2016 Books
    Dewey Decimal Classification     مكتبة دار المعلمين و المعلمات - جونية مكتبة دار المعلمين و المعلمات - جونية Salle de Lecture 05/15/2006 Ambassade de France 38.90   413 RAY. CRJ1920 07/27/2016 1 07/27/2016 Books
    Dewey Decimal Classification     مكتبة دار المعلمين و المعلمات - زحلة مكتبة دار المعلمين و المعلمات - زحلة Salle de Lecture 11/17/2005 Amb. de France 42.75   370.72 RAY CRZ281 07/26/2016 1 07/26/2016 Books
    Dewey Decimal Classification     مكتبة دار المعلمين و المعلمات - زحلة مكتبة دار المعلمين و المعلمات - زحلة Salle de Lecture 01/01/2000 CRDP 0.00   370.72 RAY CRZ2425 07/26/2016 2 07/26/2016 Books
    Dewey Decimal Classification     مكتبة دار المعلمين و المعلمات - صيدا مكتبة دار المعلمين و المعلمات - صيدا Salle de Lecture 03/29/2007 Ambassade de France 0.00   371.03 RAY - RIE CRS1925 07/28/2016 1 07/28/2016 Books